Nociones de gramática histórica española
Gorde:
| Egile nagusia: | |
|---|---|
| Formatua: | Liburua |
| Hizkuntza: | Undetermined |
| Argitaratua: |
Barcelona
Spes
1981
|
| Gaiak: | |
| Etiketak: |
Etiketa erantsi
Etiketarik gabe, Izan zaitez lehena erregistro honi etiketa jartzen!
|
MARC
| LEADER | 00000nam a2200000Ia 4500 | ||
|---|---|---|---|
| 008 | 170316s9999 xx 000 0 und d | ||
| 090 | |a 415-E G-5n | ||
| 100 | |a Gili Gaya, Samuel | ||
| 245 | |a Nociones de gramática histórica española | ||
| 260 | |a Barcelona | ||
| 260 | |b Spes | ||
| 260 | |c 1981 | ||
| 300 | |a 102 páginas | ||
| 650 | |a GRAMÁTICA ESPAÑOLA | ||
| 999 | |c 18970 |d 18970 | ||
| 040 | |a cru BVZT | ||
| 942 | |c 15 D |h 415-E G-5n |2 z | ||
